Georgia ტურისტული რუკა (ბიბ.ჩანაწერი № 34435)
[ მარტივი ფორმატი ]
| 000 -LEADER | |
|---|---|
| fixed length control field | 00397nam a2200145Ia 4500 |
| 001 - CONTROL NUMBER | |
| control field | 177 |
| 003 - CONTROL NUMBER IDENTIFIER | |
| control field | GE_BSU |
| 008 - FIXED-LENGTH DATA ELEMENTS--GENERAL INFORMATION | |
| fixed length control field | 181216s||||||||xx |||||||||||||| ||und|| |
| 040 ## - CATALOGING SOURCE | |
| Transcribing agency | GE_BSU |
| 245 ## - TITLE STATEMENT | |
| Title | Georgia ტურისტული რუკა |
| 245 ## - TITLE STATEMENT | |
| Remainder of title | Scale 1:600 000 |
| 653 ## - INDEX TERM--UNCONTROLLED | |
| Uncontrolled term | საქართველოს ტურისტული რუკა |
| 942 ## - ADDED ENTRY ELEMENTS (KOHA) | |
| Koha item type | რუკები |
| Withdrawn status | Lost status | Damaged status | Not for loan | Date acquired | Barcode | Date last seen | Price effective from | Koha item type | Public note |
|---|---|---|---|---|---|---|---|---|---|
| 2018-12-17 | 2108 | 2018-12-17 | 2018-12-17 | რუკები | დარბაზი | ||||
| 2018-12-17 | 2109 | 2018-12-17 | 2018-12-17 | რუკები | დარბაზი |
